000 00832akm a2200289a 44500
008 100604s2009 cat
041 _acat
041 _bspa
080 _a621.88(038)
245 _aLèxic de la ferreteria
_h[tríptic]
260 _a[València]
_bAcadèmia Valenciana de la Llengua
_c2009
300 _a1 tríptic.
_bil.
500 _aCategoria gramatical
520 _a105
591 _a10251
592 _aObra terminològica
593 _aJE
594 _a10251
650 _aferreteria
_964955
856 _uhttps://www.avl.gva.es/wp-content/uploads/2023/03/364-21_tripticferreteria.pdf
901 _c[<2009>]
902 _a100604
942 _cMO
_n0
_2ddc
999 _c65521
_d65521